01543nam a22003377i 4500003000900000005001700009008004100026040004300067041000800110082002300118092000700141099003100148100002600179245009300205264004400298300002300342336002400365337002800389338004300417504003300460546002000493650004800513651001000561856005700571905001600628942001900644999001700663952017500680952017500855952017501030EG-GICUC20260121101519.0251217s1953    ua o|||fr|||| 0|1 0 eng d  aEG-GiCUCbengcEG-GiCUCdEG-GiCUCeRda  aeng04221a341.84bAM . A04221  aLaw1 12 341.84 AM . A 19531 aAmin M. BadreAuthor.10aAlien Corporations in Conflict of Laws :bA Study of Comparative Law /cby Amin M. Badr. 3aCairo :bCairo University Press,c1953.  a178 page ;c24 cm.  2rda contenua texte  2rda  mediasaOrdinateur  2 transporteur rdaa Ressource en ligne  aBibliography: pages 171-178.  aText in English142Conflict of lawsxPrivate international law1 2qrmak40uhttps://fll.law.cu.edu.eg/fulltext/bks/B12-01637.pdf  a75eHassnaa  2ddccBKe21n0  c51313d51313  00102ddc40718القانون الدولي الخاصaCUbLAW1d2025-12-17l0oLaw1 12	341.84 AM . A 1953 1201637	C1pB12-01637r2025-12-17 16:25:00t1w2025-12-17yBK  00102ddc40708القانون الدولي الخاصaCUbLAW1d2025-12-17l0oLaw1 12	341.84 AM . A 1953 1201638	C2pB12-01638r2025-12-17 16:26:00t2w2025-12-17yBK  00102ddc40708القانون الدولي الخاصaCUbLAW2d2025-12-17l0oLaw1 12	341.84 AM . A 1953 1201639	C3pB12-01639r2025-12-17 16:26:00t3w2025-12-17yBK